| 000 | 00408nam a22001577a 4500 | ||
|---|---|---|---|
| 003 | SGT | ||
| 020 | _a9789388022293 | ||
| 082 |
_a617.645 _bS19A |
||
| 100 | _aAghanashini, Suchetha | ||
| 245 | _aSupportive Periodontal Therapy : A Comprehensive Review | ||
| 250 | _a1st | ||
| 260 |
_aNEW DELHI _bIP Innovative Publication Pvt. Ltd. _c2019 |
||
| 300 | _a1-122 | ||
| 650 | _aPERIODONTOLOGY | ||
| 942 |
_2ddc _cBK |
||
| 999 |
_c20133 _d20133 |
||